Digest of labour cases 1990-2007 : (Record no. 4397)
[ view plain ]
| 000 -LEADER | |
|---|---|
| fixed length control field | 00676 a2200181 4500 |
| 010 ## - LCCN (DPL NO) | |
| LC control number | ENG-86258 |
| 020 ## - INTERNATIONAL STANDARD BOOK NUMBER | |
| International Standard Book Number | 9788175346246 |
| Terms of availability | 550.00 |
| 035 ## - SYSTEM CONTROL NUMBER | |
| System control number | EN-69791 |
| 037 ## - SOURCE OF ACQUISITION | |
| Source of stock number/acquisition | DBAD / PUB |
| 082 ## - DEWEY DECIMAL CLASSIFICATION NUMBER | |
| Classification number | 344.54010264 |
| 100 ## - MAIN ENTRY--PERSONAL NAME | |
| Personal name | Kumar, H.L. |
| 245 ## - TITLE STATEMENT | |
| Title | Digest of labour cases 1990-2007 : |
| Remainder of title | case law finder / |
| Statement of responsibility, etc | by H.L. Kumar |
| 250 ## - EDITION STATEMENT | |
| Edition statement | 5th ed. |
| 260 ## - PUBLICATION, DISTRIBUTION, ETC. (IMPRINT) | |
| Place of publication, distribution, etc | Delhi |
| Name of publisher, distributor, etc | Universal Law Publishing |
| Date of publication, distribution, etc | 2007 |
| 270 ## - ADDRESS | |
| Address | C-FF-1A, Dilkhush Industrial Estate, (Opp. Hans Cinema, Azadpur), G.T. Karnal Road, |
| City | Delhi |
| State or province | New Delhi |
| Postal code | 110 033 |
| Telephone number | 011-27438103 |
| Fax number | 011-27458529 |
| Electronic mail address | sales@unilawbooks.com |
| 300 ## - PHYSICAL DESCRIPTION | |
| Extent | lxxx, 602p. |
| Dimensions | 23cm. (Hb) |
| 942 ## - ADDED ENTRY ELEMENTS (KOHA) | |
| Institution code [OBSOLETE] | dpl |
| Item type | English Books |
| Source of classification or shelving scheme | Dewey Decimal Classification |
| Classification part | 344.54010264 |
| Call number suffix | KUM |
| Withdrawn status | Lost status | Not for loan | Collection code | Home library | Current library | Source of acquisition | Cost, normal purchase price | Full call number | Barcode | Copy number | Cost, replacement price | Koha item type |
|---|---|---|---|---|---|---|---|---|---|---|---|---|
| Not For Loan | Non-fiction | D.B.Act.Division | D.B.Act.Division | DBAD/PUB | 550.00 | 344.54010264 KUM | EN-69791 | 1 | 550.00 | English Books |
